Punchlines rap francophone (difficile) - Statistiques

Statistiques générales
  • Ce quiz a été pris 496 fois
  • Le résultat moyen est 4 sur 19
Statistiques - réponses
Hint Explanation Réponse % Correct
J'aime bien ta bouche, tu vas m'lehess DANS MON ASSIETTE 1PLIKE140
35%
Concert Bercy, nero-nemesisé BruxellesVie Damso
33%
Voiture allemande comme Hitler, je sens qu'j'vais faire fureur Sale histoire Maes
33%
Toujours les même shooters et leurs tophs' n'ont même pas 10 likes (hey) TCHIN 2X Gazo
28%
Vos lyrics se résument à "pouèt pouèt, prout prout, bam bilibam" A.C. Milan Booba
26%
Mais si t'as du flow et pas d'paroles, tu seras jamais plus fort que Scatman Jimmy Punchline Orelsan
25%
Mais ferme ta gueule et passe le Schweppes agrumes ! Gangsta Bigflo et Oli
23%
Tes morts te félicitent, guette comment on saccage un ennemi vite Quatre Ziak
22%
Je marche dans la ville avec un walkman et un pack de piles J'ai mal au mic Oxmo Puccino
21%
J'veux qu'la sse-lia rime avec grasse, vesqui ces putains comme Legolas Obito BU$HI
20%
Ce soir j'suis little spoon comme ma che-bi Menace PNL
20%
J'crache du souffre et j'vomis du pétrole, l'industrie voudrait m'fourrer ça m'désole Offshore (feat Suikon Blaz AD) Vald
19%
Angleterre, Inde, au calme, bibi des reins d'occas' Sacrifice de masse pt2 (feat Freeze Corleone) Osirus Jack
17%
Akha y'a les porcs, t'inquiète, c'est carré, j'ai tout mis dans l'fiak Yakalelo SDM
13%
Frappe dans le bédo, j'ai tout dans mon joggo, il faut qu'on rentabilise, ay Opening Youv Dee
13%
Pour la bagarre, j'appelle Babou le barbare J'suis qu'un thug Lacrim
10%
Les bastos vont dans tous les sens, comme le regard d'un junkie devant une rose Nobu Hamza
9%
J'viens racketter la France comme les Corses, tombe pas dans la fosse Turbo Sefyu
7%
Aux enterrements, on t'sort un drap en blanc, au mariage : un gamos et un fer Incomplet comme février Zamdane
7%
Aucun quiz correspondant
Distribution des résultats
% des personnes avec chaque résultat
Percentile par nombre de réponses
Votre historique - résultats
Vous n’avez pas pris ce quiz